TikTok. L’Internationale des enfants (notice n° 1836363)
[ vue normale ]
| 000 -LEADER | |
|---|---|
| fixed length control field | 00658cam a2200229 4500500 |
| 005 - DATE AND TIME OF LATEST TRANSACTION | |
| control field | 20260329004708.0 |
| 041 ## - LANGUAGE CODE | |
| Language code of text/sound track or separate title | fre |
| 042 ## - AUTHENTICATION CODE | |
| Authentication code | dc |
| 100 10 - MAIN ENTRY--PERSONAL NAME | |
| Personal name | Nathan, Tobie |
| Relator term | author |
| 245 00 - TITLE STATEMENT | |
| Title | TikTok. L’Internationale des enfants |
| 260 ## - PUBLICATION, DISTRIBUTION, ETC. | |
| Date of publication, distribution, etc. | 2020.<br/> |
| 500 ## - GENERAL NOTE | |
| General note | 68 |
| 690 ## - LOCAL SUBJECT ADDED ENTRY--TOPICAL TERM (OCLC, RLIN) | |
| Topical term or geographic name as entry element | Chine |
| 690 ## - LOCAL SUBJECT ADDED ENTRY--TOPICAL TERM (OCLC, RLIN) | |
| Topical term or geographic name as entry element | Divertissement |
| 690 ## - LOCAL SUBJECT ADDED ENTRY--TOPICAL TERM (OCLC, RLIN) | |
| Topical term or geographic name as entry element | International |
| 690 ## - LOCAL SUBJECT ADDED ENTRY--TOPICAL TERM (OCLC, RLIN) | |
| Topical term or geographic name as entry element | Jeunesse |
| 690 ## - LOCAL SUBJECT ADDED ENTRY--TOPICAL TERM (OCLC, RLIN) | |
| Topical term or geographic name as entry element | Marx |
| 690 ## - LOCAL SUBJECT ADDED ENTRY--TOPICAL TERM (OCLC, RLIN) | |
| Topical term or geographic name as entry element | Réseaux sociaux |
| 690 ## - LOCAL SUBJECT ADDED ENTRY--TOPICAL TERM (OCLC, RLIN) | |
| Topical term or geographic name as entry element | Tobie Nathan |
| 786 0# - DATA SOURCE ENTRY | |
| Note | Philosophie magazine | 144 | 11 | 2020-11-01 | p. 22-23 | 1951-1787 |
| 856 41 - ELECTRONIC LOCATION AND ACCESS | |
| Uniform Resource Identifier | <a href="https://shs.cairn.info/magazine-philosophie-magazine-2020-11-page-22?lang=fr&redirect-ssocas=7080">https://shs.cairn.info/magazine-philosophie-magazine-2020-11-page-22?lang=fr&redirect-ssocas=7080</a> |
Pas d'exemplaire disponible.




Réseaux sociaux